Las glorias de María

Uloženo v:
Podrobná bibliografie
Hlavní autor: Ligorio, Alfonso María de, Santo (autor)
Médium: Kniha
Jazyk:španělština
Vydáno: Madrid Apostolado de la Prensa 1930
Vydání:9a. ed
Témata:
Tagy: Přidat tag
Žádné tagy, Buďte první, kdo vytvoří štítek k tomuto záznamu!

MARC

LEADER 00000nam a2200000 a 4500
001 UCX1877
003 CL-VaPUC
008 901113e19300000SP |||||||||||||||||spa|d
082 0 4 |a 232.91  |b ALF  |2 21 
100 |a Ligorio, Alfonso María de,  |c Santo  |e autor  |9 611672 
245 1 4 |a Las glorias de María 
250 |a 9a. ed 
300 |a 208 p 
942 |c BK 
945 |d 19901113 00:00:00 
260 |a Madrid  |b Apostolado de la Prensa  |c 1930 
600 0 |a Virgen María   |9 314204 
650 7 |a CULTO  |2 CL-VaPUC  |9 314205 
583 |a last modification  |c 19901113 00:00:00  |k Rodrigo Vera 
999 |c 223014  |d 223012 
952 |0 0  |1 0  |4 0  |6 232_910000000000000_ALF_1930  |7 0  |8 P  |9 218395  |a BIBTEO  |b BIBTES  |c TEO_FTES  |d 2019-11-15  |i 2872323  |o 232.91 ALF 1930  |p 2872323  |r 2024-01-18  |w 2019-11-15  |y BK  |k ICR 
952 |0 0  |1 0  |4 0  |6 232_910000000000000_ALF_1930  |7 0  |8 P  |9 218396  |a BIBTEO  |b BIBTES  |c TEO_FTES  |d 2019-11-15  |i 2872331  |o 232.91 ALF 1930  |p 2872331  |r 2024-01-18  |w 2019-11-15  |y BK  |k ICR